00356nam a2200145 a 450000500170000000800410001702000060005805000220006410000240008624500200011026000380013044000240016865000060019265000120019820140414132106.0100902s19uu xx 00 eng d a  aM 613.2bC36 2010 aChancellor, Deborah aHealthy eating. aGreat Britain :bTicktock,c2010. aLet's find about... x  a x x